[Event "2BLO 1819 SK Weilheim - SC Garching"]
[Site "?"]
[Date "2019.02.03"]
[Round "6.2"]
[White "Bayer, Bernhard"]
[Black "Hess, Max"]
[Result "1-0"]
[WhiteElo "2410"]
[BlackElo "2334"]
[PlyCount "93"]
[EventDate "2019.??.??"]

1. e4 e5 2. Nf3 Nc6 3. Bb5 g6 4. c3 a6 5. Ba4 d6 6. d4 Bd7 7. O-O Bg7 8. Be3
Nf6 9. dxe5 Nxe5 10. Nxe5 dxe5 11. f3 O-O 12. Bxd7 Qxd7 13. Qxd7 Nxd7 14. Rd1
Rfd8 15. Nd2 Bf8 16. Nc4 b5 17. Na5 Bc5 18. Kf2 Bxe3+ 19. Kxe3 Nb6 20. b3 f6
21. Rxd8+ Rxd8 22. Rc1 Nc8 23. c4 Rd7 24. cxb5 axb5 25. Rc5 Na7 26. Nc6 Nxc6
27. Rxc6 Kf7 28. Ke2 f5 29. exf5 gxf5 30. Rc5 Ke6 31. Rxb5 c6 32. Rb8 Kd5 33.
Kd3 Kc5+ 34. Kc3 f4 35. Re8 Kd5 36. a4 Rg7 37. Rd8+ Kc5 38. Rd2 Rb7 39. Re2 Kd5
40. b4 Ra7 41. Rd2+ Ke6 42. Kb3 e4 43. fxe4 Ke5 44. Re2 Rg7 45. Kc4 h5 46. a5
h4 47. h3 1-0

[Event "2BLO 1819 SK Weilheim - SC Garching"]
[Site "?"]
[Date "2019.02.03"]
[Round "6.3"]
[White "Renner, Christoph"]
[Black "Guttenthaler, Franz"]
[Result "0-1"]
[WhiteElo "2333"]
[BlackElo "2324"]
[PlyCount "96"]
[EventDate "2019.??.??"]

1. d4 Nf6 2. Bf4 d5 3. e3 c5 4. c3 Nc6 5. Nd2 cxd4 6. exd4 Bf5 7. Qb3 Qd7 8.
Ngf3 e6 9. Ne5 Qc8 10. Bb5 Nd7 11. Ndf3 f6 12. Nxd7 Qxd7 13. O-O g5 14. Be3 Bd6
15. Rfe1 a6 16. Bf1 Rc8 17. Qd1 O-O 18. Bd3 Bg6 19. Rc1 b5 20. Rc2 Rfe8 21. h3
Qf7 22. Nh2 Bxd3 23. Qxd3 Bxh2+ 24. Kxh2 Qc7+ 25. g3 Nb4 26. Qd2 Nxc2 27. Qxc2
b4 28. Bd2 Qc4 29. Qb1 bxc3 30. Bxc3 Qc7 31. Qd3 Qf7 32. Re3 Rc6 33. Rf3 Kg7
34. Qe2 Qg6 35. Re3 h5 36. a3 g4 37. h4 Qf5 38. Kg2 Kg6 39. Qd1 Rc4 40. Kg1
Rec8 41. Rd3 a5 42. Qd2 a4 43. Kg2 Rd8 44. Bb4 Rc1 45. Qe3 Qe4+ 46. f3 Rc2+ 47.
Kg1 gxf3 48. Qxf3 Rxb2 0-1

[Event "2BLO 1819 SK Weilheim - SC Garching"]
[Site "?"]
[Date "2019.02.03"]
[Round "6.4"]
[White "Deglmann, Ludwig"]
[Black "Koepke, Christian"]
[Result "0-1"]
[WhiteElo "2277"]
[BlackElo "2334"]
[PlyCount "56"]
[EventDate "2019.??.??"]

1. c4 g6 2. Nc3 Bg7 3. g3 d6 4. Bg2 Nf6 5. d3 O-O 6. Bg5 h6 7. Bd2 e5 8. e4 c6
9. Nge2 Be6 10. O-O Qd7 11. b3 Na6 12. d4 exd4 13. Nxd4 Bh3 14. Nde2 Bxg2 15.
Kxg2 Rfe8 16. f3 d5 17. cxd5 cxd5 18. exd5 Nxd5 19. Nxd5 Qxd5 20. Nf4 Qb5 21.
Rc1 Rad8 22. Re1 Rxe1 23. Qxe1 g5 24. Nh5 Re8 25. Qd1 Re2+ 26. Kh1 Qd3 27. Rc8+
Kh7 28. Qc2 Rxd2 0-1

[Event "2BLO 1819 SK Weilheim - SC Garching"]
[Site "?"]
[Date "2019.02.03"]
[Round "6.5"]
[White "Koepke, Elena"]
[Black "de Francesco, Klaus"]
[Result "1-0"]
[WhiteElo "2296"]
[BlackElo "2259"]
[PlyCount "95"]
[EventDate "2019.??.??"]

1. e4 e6 2. d4 d5 3. Nd2 Nf6 4. e5 Nfd7 5. Bd3 c5 6. c3 b6 7. Ne2 Ba6 8. Bxa6
Nxa6 9. O-O Nc7 10. Nf4 g6 11. Nf3 c4 12. g3 b5 13. Ng2 h6 14. Ne3 h5 15. Ng2
Be7 16. h4 Nb6 17. Ng5 Qd7 18. Qf3 Bd8 19. Bd2 a5 20. Nh3 Be7 21. Ng5 Bd8 22.
Nh3 Be7 23. Bg5 Bxg5 24. Nxg5 Qe7 25. Ne3 b4 26. Nc2 O-O 27. Qe3 Nb5 28. a4
bxa3 29. Nxa3 Nxa3 30. Rxa3 Kg7 31. Kg2 a4 32. Re1 Ra5 33. Qd2 Rb5 34. Re3 Rb3
35. Ra1 a3 36. Rxa3 Rxa3 37. bxa3 Qxa3 38. Rf3 Na4 39. Qf4 Qe7 40. g4 f6 41.
exf6+ Rxf6 42. Qe5 hxg4 43. Rxf6 Qxf6 44. Nxe6+ Kf7 45. Ng5+ Kg7 46. Qc7+ Kg8
47. Qc8+ Kg7 48. Qd7+ 1-0

[Event "2BLO 1819 SK Weilheim - SC Garching"]
[Site "?"]
[Date "2019.02.03"]
[Round "6.6"]
[White "Lochte, Thomas"]
[Black "Pitschka, Claus"]
[Result "1/2-1/2"]
[WhiteElo "2080"]
[BlackElo "2228"]
[PlyCount "94"]
[EventDate "2019.??.??"]

1. e4 d6 2. d4 Nf6 3. Nc3 Nbd7 4. f4 e5 5. Nf3 exd4 6. Qxd4 c6 7. Be2 d5 8.
exd5 Bc5 9. Qd3 O-O 10. Bd2 cxd5 11. Nxd5 Nxd5 12. Qxd5 Qe7 13. Ne5 Nf6 14. Qf3
Be6 15. Be3 Bxe3 16. Qxe3 Qb4+ 17. Qd2 Qxb2 18. O-O Rfd8 19. Bd3 Bf5 20. Rab1
Qxa2 21. Rxb7 Bxd3 22. Nxd3 Qd5 23. Qb4 a5 24. Qb3 a4 25. Qxd5 Nxd5 26. Ra1 Ne3
27. Nb4 g6 28. Re1 Nf5 29. Nc6 Rd6 30. Ne7+ Nxe7 31. Rexe7 Rf6 32. g3 a3 33.
Ra7 Ra6 34. Re8+ Rxe8 35. Rxa6 Re3 36. Ra8+ Kg7 37. c4 Kf6 38. Kf2 Rc3 39. Ke2
Ke6 40. Kd2 Rf3 41. Ra6+ Kd7 42. Kc2 h5 43. c5 Rf2+ 44. Kb3 Rxh2 45. Rxa3 Kc6
46. Kc4 Rc2+ 47. Kd4 Rd2+ 1/2-1/2

[Event "2BLO 1819 SK Weilheim - SC Garching"]
[Site "?"]
[Date "2019.02.03"]
[Round "6.7"]
[White "Schmitz, Thorsten"]
[Black "Wiesinger, Robert"]
[Result "1-0"]
[WhiteElo "2280"]
[BlackElo "2262"]
[PlyCount "63"]
[EventDate "2019.??.??"]

1. e4 e5 2. Nf3 Nc6 3. Bb5 a6 4. Ba4 Nf6 5. O-O Be7 6. d3 b5 7. Bb3 d6 8. a3
O-O 9. Nc3 Na5 10. Ba2 Be6 11. b4 Bxa2 12. Rxa2 Nc6 13. Bg5 Nd7 14. Be3 f5 15.
Nd5 a5 16. c4 fxe4 17. dxe4 bxc4 18. b5 Na7 19. Qe2 Nf6 20. Qxc4 Nxd5 21. Qxd5+
Kh8 22. Rc1 Qb8 23. Bxa7 Qxa7 24. Rac2 Bd8 25. Rc6 Rb8 26. a4 Rb6 27. Rxb6 Qxb6
28. Rc6 Qb8 29. h3 g5 30. Ra6 Qc8 31. Ra8 Qd7 32. Nxe5 1-0

[Event "2BLO 1819 SK Weilheim - SC Garching"]
[Site "?"]
[Date "2019.02.03"]
[Round "6.8"]
[White "Shahin, Walid"]
[Black "Schleich, Markus"]
[Result "0-1"]
[WhiteElo "2115"]
[BlackElo "2207"]
[PlyCount "68"]
[EventDate "2019.??.??"]

1. d4 g6 2. e4 Bg7 3. Nc3 d6 4. Be3 a6 5. Qd2 b5 6. f3 Nd7 7. O-O-O Bb7 8. Kb1
c6 9. h4 h5 10. Nh3 Ngf6 11. Ne2 Qc7 12. Ng5 c5 13. Nc1 cxd4 14. Bxd4 O-O 15.
Nb3 Rac8 16. Rc1 e5 17. Bf2 d5 18. Na5 Rfd8 19. exd5 Bxd5 20. c4 bxc4 21. Bxc4
Nc5 22. Qe1 Qb8 23. Bxd5 Rxd5 24. Qc3 e4 25. Qc4 Rd2 26. Qxf7+ Kh8 27. Nc4 Rxf2
28. Qxg6 Qb7 29. Nf7+ Kg8 30. Nfd6 Qd7 31. Nxc8 Qxc8 32. Rhd1 Nd3 33. Rc3 Rxb2+
34. Ka1 Rb4 0-1

[Event "2BLO 1819 Nickelhütte Aue - SK König "]
[Site "?"]
[Date "2019.02.03"]
[Round "6.1"]
[White "Mastrovasilis, Dimitrios"]
[Black "Papp, Gabor"]
[Result "1/2-1/2"]
[WhiteElo "2588"]
[BlackElo "2603"]
[PlyCount "37"]
[EventDate "2019.??.??"]

1. e4 e5 2. Nf3 Nf6 3. Nxe5 d6 4. Nf3 Nxe4 5. c4 Nc6 6. d3 Nf6 7. d4 d5 8. c5
Be7 9. Bb5 Bd7 10. O-O O-O 11. Nc3 a6 12. Ba4 b5 13. cxb6 cxb6 14. h3 Rc8 15.
Re1 Bf5 16. Bg5 Ne4 17. Bxe7 Nxe7 18. Rc1 Nxc3 19. Rxc3 1/2-1/2

[Event "2BLO 1819 Nickelhütte Aue - SK König "]
[Site "?"]
[Date "2019.02.03"]
[Round "6.2"]
[White "Antal, Gergely"]
[Black "Zawadzka, Jolanta"]
[Result "1-0"]
[WhiteElo "2550"]
[BlackElo "2426"]
[PlyCount "71"]
[EventDate "2019.??.??"]

1. e4 e5 2. Nf3 Nf6 3. d4 Nxe4 4. Bd3 d5 5. Nxe5 Nd7 6. Nxd7 Bxd7 7. O-O Bd6 8.
c4 c6 9. Nc3 Nxc3 10. bxc3 O-O 11. Re1 dxc4 12. Bxc4 Qf6 13. Qh5 Rfe8 14. Be3
h6 15. Rab1 Re4 16. Rxb7 Be6 17. Bxe6 Qxe6 18. g3 Qxa2 19. Qf5 Re7 20. Rxe7
Bxe7 21. Qd7 Bf8 22. Qxc6 Rb8 23. Bf4 Rb1 24. Rxb1 Qxb1+ 25. Kg2 a5 26. Qa8 Kh7
27. h3 g5 28. Be5 Bg7 29. Bxg7 Kxg7 30. Qxa5 Qe4+ 31. Kh2 f5 32. d5 h5 33. Qa7+
Kg6 34. Qd4 Qf3 35. d6 h4 36. gxh4 1-0

[Event "2BLO 1819 Nickelhütte Aue - SK König "]
[Site "?"]
[Date "2019.02.03"]
[Round "6.3"]
[White "Kuraszkiewicz, Michael"]
[Black "Meijers, Viesturs"]
[Result "0-1"]
[WhiteElo "2316"]
[BlackElo "2433"]
[PlyCount "46"]
[EventDate "2019.??.??"]

1. d4 Nf6 2. c4 e6 3. g3 d5 4. Nf3 dxc4 5. Qa4+ Nbd7 6. Qxc4 a6 7. Bg2 b5 8.
Qc2 Bb7 9. O-O c5 10. Bg5 Rc8 11. dxc5 Bxc5 12. Qb3 Qb6 13. Bxf6 Nxf6 14. Nc3
O-O 15. Ne1 Bd4 16. Nd1 Ne4 17. Nf3 Rfd8 18. e3 Bf6 19. a4 Bd5 20. Qb4 Rc4 21.
a5 Qb7 22. Qe1 Ng5 23. e4 Bxe4 0-1

[Event "2BLO 1819 Nickelhütte Aue - SK König "]
[Site "?"]
[Date "2019.02.03"]
[Round "6.4"]
[White "Slobodjan, Roman"]
[Black "Sandner, Gunter"]
[Result "0-1"]
[WhiteElo "2460"]
[BlackElo "2274"]
[PlyCount "122"]
[EventDate "2019.??.??"]

1. e4 c5 2. Nf3 Nc6 3. d4 cxd4 4. Nxd4 Nf6 5. Nc3 e5 6. Ndb5 d6 7. Nd5 Nxd5 8.
exd5 Ne7 9. c4 Ng6 10. Qa4 Bd7 11. Qb4 Bf5 12. Be3 Be7 13. c5 O-O 14. Nxd6 Bxd6
15. cxd6 Nf4 16. Rd1 Qh4 17. Bxf4 exf4 18. Be2 Rfe8 19. Rd2 Bd3 20. d7 Bxe2 21.
dxe8=Q+ Rxe8 22. Rd4 Bf3+ 23. Kd2 Qxf2+ 24. Kc1 Rc8+ 25. Rc4 Qe3+ 26. Kb1 Qd3+
27. Ka1 Qxc4 28. Qxc4 Rxc4 29. gxf3 Rd4 30. Rc1 g5 31. b4 Rxd5 32. Rc7 Rb5 33.
a3 a5 34. bxa5 Rxa5 35. Ka2 Rb5 36. a4 Rb6 37. Rc5 h6 38. h4 Rg6 39. hxg5 hxg5
40. a5 f6 41. Rc8+ Kh7 42. Rf8 g4 43. fxg4 f3 44. Rf7+ Kh6 45. Rxb7 Rxg4 46.
Rb3 Rf4 47. a6 f2 48. Rb1 Ra4+ 49. Kb3 Rxa6 50. Rf1 Rc6 51. Rxf2 Kg5 52. Rg2+
Kf4 53. Rg6 Ke5 54. Rh6 Rc1 55. Kb2 Rc5 56. Rh1 f5 57. Re1+ Kf4 58. Kb3 Kf3 59.
Kb4 Rc2 60. Kb3 Re2 61. Rf1+ Ke4 0-1

[Event "2BLO 1819 Nickelhütte Aue - SK König "]
[Site "?"]
[Date "2019.02.03"]
[Round "6.5"]
[White "Kunze, Carlo"]
[Black "Spiess, Gunter"]
[Result "1/2-1/2"]
[WhiteElo "2253"]
[BlackElo "2414"]
[PlyCount "45"]
[EventDate "2019.??.??"]

1. d4 d5 2. c4 e6 3. Nc3 c6 4. cxd5 exd5 5. Bf4 Bd6 6. Bxd6 Qxd6 7. e3 Ne7 8.
Bd3 Bf5 9. Nf3 Nd7 10. O-O O-O 11. Rc1 Nb6 12. Ne5 f6 13. Bxf5 fxe5 14. dxe5
Qxe5 15. Bd3 Rad8 16. Qc2 h6 17. Ne2 Nf5 18. Qc3 Qe7 19. Nf4 Nh4 20. Ng6 Nxg6
21. Bxg6 Nc4 22. Bd3 Nd6 23. Qd4 1/2-1/2

[Event "2BLO 1819 Nickelhütte Aue - SK König "]
[Site "?"]
[Date "2019.02.03"]
[Round "6.6"]
[White "Langrock, Hannes"]
[Black "Pfretzschner, Roland"]
[Result "1-0"]
[WhiteElo "2373"]
[BlackElo "2240"]
[PlyCount "103"]
[EventDate "2019.??.??"]

1. d4 Nf6 2. c4 c5 3. d5 b5 4. Qc2 g6 5. e4 d6 6. Nf3 Bg7 7. cxb5 a6 8. Nc3 O-O
9. h3 Nbd7 10. a4 Ne8 11. Be2 axb5 12. Nxb5 Nc7 13. O-O Ba6 14. Bd2 Qb8 15.
Nxc7 Qxc7 16. Bxa6 Rxa6 17. Bc3 Bxc3 18. Qxc3 Qb7 19. b3 Rb8 20. Nd2 Qb4 21.
Qc2 Ra7 22. Rab1 Nb6 23. Kh1 Rc8 24. Rfc1 Ra6 25. Qd3 Raa8 26. Nc4 Nxc4 27.
Rxc4 Qa3 28. h4 Rcb8 29. h5 Rb4 30. Rxb4 Qxb4 31. Rc1 Rb8 32. Rc3 gxh5 33. Qe3
Kh8 34. e5 Qg4 35. exd6 exd6 36. Qe7 h4 37. Qxd6 Rg8 38. Qf6+ Rg7 39. Qd8+ Rg8
40. Qf6+ Rg7 41. Qf3 Qd4 42. Re3 f6 43. Re6 Rg6 44. Kh2 h3 45. g3 Kg7 46. a5
Rg5 47. d6 Kg6 48. Qe4+ Rf5 49. Qxd4 cxd4 50. a6 d3 51. Re3 Rd5 52. Rxd3 1-0

[Event "2BLO 1819 Nickelhütte Aue - SK König "]
[Site "?"]
[Date "2019.02.03"]
[Round "6.7"]
[White "Hoerr, Matthias"]
[Black "Eichner, Sebastian"]
[Result "1/2-1/2"]
[WhiteElo "2169"]
[BlackElo "2349"]
[PlyCount "95"]
[EventDate "2019.??.??"]

1. Nf3 d5 2. c4 e6 3. b3 Nf6 4. g3 c5 5. Bg2 d4 6. e3 Nc6 7. exd4 cxd4 8. O-O
Bd6 9. Na3 O-O 10. d3 h6 11. Nc2 a5 12. Bd2 e5 13. Re1 Re8 14. a3 Bf5 15. Bf1
Bh7 16. b4 e4 17. dxe4 axb4 18. axb4 Rxa1 19. Qxa1 Nxe4 20. Qd1 Nxd2 21. Rxe8+
Qxe8 22. Qxd2 Bxc2 23. Qxc2 Bxb4 24. Qf5 Bc3 25. Qd5 Qe7 26. c5 Qe6 27. Bc4
Qxd5 28. Bxd5 d3 29. Kf1 Kf8 30. Be4 Bb4 31. Bxc6 bxc6 32. Ne5 d2 33. Ke2 Bxc5
34. Nxc6 Bxf2 35. Kxd2 f5 36. Ke2 Bb6 37. Kf3 Kf7 38. g4 Bc7 39. h3 Kf6 40.
gxf5 Kxf5 41. Nd4+ Ke5 42. Ne2 g6 43. Nf4 Kf5 44. Nxg6 Kxg6 45. h4 Kh5 46. Kg2
Bf4 47. Kh1 Bg5 48. Kg2 1/2-1/2

[Event "2BLO 1819 Nickelhütte Aue - SK König "]
[Site "?"]
[Date "2019.02.03"]
[Round "6.8"]
[White "Wichmann, Cliff"]
[Black "Zaehringer, Daniel"]
[Result "1/2-1/2"]
[WhiteElo "2268"]
[BlackElo "2148"]
[PlyCount "21"]
[EventDate "2019.??.??"]

1. Nf3 d5 2. d4 Nf6 3. Bf4 c5 4. e3 Nc6 5. Nc3 Bg4 6. Be2 e6 7. O-O cxd4 8.
Nxd4 Bxe2 9. Qxe2 Nxd4 10. exd4 Be7 11. Qb5+ 1/2-1/2

[Event "2BLO 1819 TSV Bindlach Aktionär - Erfu"]
[Site "?"]
[Date "2019.02.03"]
[Round "6.1"]
[White "Romanov, Evgeny"]
[Black "Kriebel, Tadeas"]
[Result "1/2-1/2"]
[WhiteElo "2608"]
[BlackElo "2519"]
[PlyCount "28"]
[EventDate "2019.??.??"]

1. c4 e5 2. g3 c6 3. d4 e4 4. Nc3 d5 5. Nh3 h6 6. Bf4 Nf6 7. Bg2 dxc4 8. O-O
Be7 9. Be5 Nbd7 10. Qc2 O-O 11. e3 Ng4 12. Rad1 Ndxe5 13. dxe5 Qc7 14. Qxe4
Qxe5 1/2-1/2

[Event "2BLO 1819 TSV Bindlach Aktionär - Erfu"]
[Site "?"]
[Date "2019.02.03"]
[Round "6.2"]
[White "Petr, Martin"]
[Black "Mihok, Oliver"]
[Result "1/2-1/2"]
[WhiteElo "2449"]
[BlackElo "2543"]
[PlyCount "62"]
[EventDate "2019.??.??"]

1. e4 c5 2. Nf3 e6 3. d3 Nc6 4. g3 Nf6 5. Bg2 Be7 6. O-O d6 7. c3 O-O 8. Re1
Bd7 9. a3 Rc8 10. b4 b6 11. Nbd2 Qc7 12. Bb2 Ne5 13. Nxe5 dxe5 14. Rb1 Qb8 15.
Qb3 Rfd8 16. b5 Ne8 17. Ra1 Nd6 18. a4 c4 19. Nxc4 Nxc4 20. dxc4 Qc7 21. Bf1
Bc5 22. Ba3 a5 23. Bxc5 Qxc5 24. Rad1 Be8 25. Rxd8 Rxd8 26. Rd1 Rd6 27. Be2 Kf8
28. Rxd6 Qxd6 29. Qd1 Ke7 30. Qxd6+ Kxd6 31. f3 g5 1/2-1/2

[Event "2BLO 1819 TSV Bindlach Aktionär - Erfu"]
[Site "?"]
[Date "2019.02.03"]
[Round "6.3"]
[White "Braeuer, Franz"]
[Black "Cech, Pavel"]
[Result "1/2-1/2"]
[WhiteElo "2439"]
[BlackElo "2336"]
[PlyCount "159"]
[EventDate "2019.??.??"]

1. e4 e6 2. d4 d5 3. Nd2 Nf6 4. e5 Nfd7 5. Bd3 c5 6. c3 Nc6 7. Ne2 cxd4 8. cxd4
f6 9. exf6 Nxf6 10. O-O Bd6 11. Nf3 Qc7 12. h3 O-O 13. Re1 e5 14. dxe5 Nxe5 15.
Nxe5 Bxe5 16. Qb3 Qb6 17. Qxb6 axb6 18. Nc3 Bd4 19. Nb5 Bc5 20. Be3 Bd7 21. a3
Rae8 22. Nd4 Ne4 23. b4 Be7 24. Rac1 Bh4 25. Nf3 Bd8 26. Red1 Nd6 27. Bf1 Nf5
28. Bg5 Bxg5 29. Nxg5 h6 30. Nf3 Be6 31. Nd4 Nxd4 32. Rxd4 Ra8 33. Re1 Bf7 34.
Re3 Rfe8 35. Rxe8+ Rxe8 36. f4 Kf8 37. Rd3 Rd8 38. Be2 d4 39. Bf3 Bc4 40. Rd1
d3 41. Rd2 Ra8 42. Bxb7 Rxa3 43. Be4 Rb3 44. Kf2 Rxb4 45. Bxd3 Bxd3 46. Rxd3
Rxf4+ 47. Ke3 Rf6 48. Rd7 Re6+ 49. Kd3 Re7 50. Rd6 Rb7 51. Kc3 b5 52. Kb4 Kf7
53. Rc6 Re7 54. Rc3 Re5 55. Rf3+ Kg6 56. Rd3 Kf5 57. Rg3 g5 58. Rf3+ Kg6 59. g4
h5 60. gxh5+ Kxh5 61. Rf8 Kh4 62. Rh8+ Kg3 63. Rh5 Kf4 64. Ka5 Ke4 65. Kb4 Kd4
66. Rh8 Ke4 67. Rh5 Kf3 68. Ka5 Kf4 69. Kb4 Kf5 70. Rh8 Kf6 71. Ka5 Kg7 72. Rh5
Kg6 73. Rh8 Re7 74. Kxb5 Rh7 75. Rxh7 Kxh7 76. Kc4 Kg6 77. Kd4 Kh5 78. Ke4 Kh4
79. Kf5 Kxh3 80. Kxg5 1/2-1/2

[Event "2BLO 1819 TSV Bindlach Aktionär - Erfu"]
[Site "?"]
[Date "2019.02.03"]
[Round "6.4"]
[White "Wall, Gavin"]
[Black "Enders, Peter"]
[Result "1/2-1/2"]
[WhiteElo "2330"]
[BlackElo "2438"]
[PlyCount "69"]
[EventDate "2019.??.??"]

1. e4 e6 2. d4 d5 3. e5 c5 4. c3 Nc6 5. Nf3 Bd7 6. a3 f6 7. Bd3 c4 8. Bc2 fxe5
9. Nxe5 Nxe5 10. dxe5 Qh4 11. Be3 Nh6 12. Nd2 Be7 13. h3 Bd8 14. Nf3 Qe7 15.
Bg5 Qf8 16. Bxd8 Kxd8 17. O-O Rc8 18. Qd2 Kc7 19. Nd4 Kb8 20. f4 g6 21. g4 Qg7
22. Rae1 Nf7 23. Qg2 Rhg8 24. Rf3 Ka8 25. Rg3 Rce8 26. Ree3 a6 27. h4 Rgf8 28.
Rgf3 Nd8 29. g5 Nc6 30. Qd2 h6 31. Re2 h5 32. Kf2 Rc8 33. Re1 Nxd4 34. Qxd4 Be8
35. Ke3 1/2-1/2

[Event "2BLO 1819 TSV Bindlach Aktionär - Erfu"]
[Site "?"]
[Date "2019.02.03"]
[Round "6.5"]
[White "Mueller, Matthias"]
[Black "Krensing, Jan"]
[Result "1/2-1/2"]
[WhiteElo "2389"]
[BlackElo "2357"]
[PlyCount "97"]
[EventDate "2019.??.??"]

1. e4 c6 2. d4 d5 3. Nc3 dxe4 4. Nxe4 Nd7 5. Nf3 Ngf6 6. Nxf6+ Nxf6 7. Ne5 Be6
8. Be2 g6 9. O-O Bg7 10. a4 O-O 11. a5 Qc8 12. a6 Rd8 13. Bf3 Bd5 14. Re1 b6
15. c4 Bxf3 16. Qxf3 Rd6 17. Bd2 Qf5 18. Nxc6 Qxf3 19. Nxe7+ Kh8 20. gxf3 Rxd4
21. Be3 Rxc4 22. Rec1 Rxc1+ 23. Rxc1 Ne8 24. b3 Be5 25. f4 Bf6 26. Rc8 Rxc8 27.
Nxc8 Nc7 28. Nxa7 Nxa6 29. Bxb6 Nb4 30. Kg2 Nd5 31. Be3 Kg8 32. Kf3 Kf8 33. Ke4
Nc3+ 34. Kd3 Ke7 35. Nc6+ Kd7 36. Ne5+ Bxe5 37. fxe5 Nb5 38. Kc4 Kc6 39. Bc5
Nc7 40. Be3 Nb5 41. Bd2 Nc7 42. Ba5 Nb5 43. Bb4 Nc7 44. Kd4 Ne6+ 45. Ke4 Ng5+
46. Kf4 Ne6+ 47. Ke4 Ng5+ 48. Kf4 Ne6+ 49. Ke4 1/2-1/2

[Event "2BLO 1819 TSV Bindlach Aktionär - Erfu"]
[Site "?"]
[Date "2019.02.03"]
[Round "6.6"]
[White "Kukel, Imre"]
[Black "Voekler, Bernd"]
[Result "1/2-1/2"]
[WhiteElo "2292"]
[BlackElo "2354"]
[PlyCount "24"]
[EventDate "2019.??.??"]

1. e4 c5 2. Nf3 d6 3. d4 cxd4 4. Nxd4 Nf6 5. Nc3 a6 6. Be3 e5 7. Nb3 Be6 8. Qd2
Be7 9. f3 O-O 10. O-O-O Nbd7 11. g4 Qc7 12. Kb1 b5 1/2-1/2

[Event "2BLO 1819 TSV Bindlach Aktionär - Erfu"]
[Site "?"]
[Date "2019.02.03"]
[Round "6.7"]
[White "Troyke, Christian"]
[Black "Stips, Felix"]
[Result "1/2-1/2"]
[WhiteElo "2344"]
[BlackElo "2290"]
[PlyCount "21"]
[EventDate "2019.??.??"]

1. Nf3 d5 2. g3 Nc6 3. c4 dxc4 4. Qa4 g6 5. Bg2 Bg7 6. O-O a6 7. Qxc4 e5 8. d3
h6 9. Be3 Be6 10. Qc1 Nge7 11. Nc3 1/2-1/2

[Event "2BLO 1819 TSV Bindlach Aktionär - Erfu"]
[Site "?"]
[Date "2019.02.03"]
[Round "6.8"]
[White "Delitzsch, Juergen"]
[Black "Myshkin, Nikita"]
[Result "0-1"]
[WhiteElo "2193"]
[BlackElo "2293"]
[PlyCount "96"]
[EventDate "2019.??.??"]

1. d4 Nf6 2. c4 e6 3. Nf3 b6 4. g3 Ba6 5. b3 c6 6. Bg2 Bb4+ 7. Bd2 Be7 8. Bc3
d5 9. Nbd2 Nbd7 10. O-O O-O 11. Re1 c5 12. Ne5 Nxe5 13. dxe5 Ne8 14. cxd5 exd5
15. Nf1 Nc7 16. Bb2 Qd7 17. Qc2 Rad8 18. Red1 d4 19. Be4 g6 20. f4 Nd5 21. h4
Nb4 22. Qd2 Bb7 23. Bxb7 Qxb7 24. Nh2 f6 25. Nf3 Qe4 26. Rf1 fxe5 27. Nxe5 Bf6
28. Ng4 Bg7 29. Rf3 Rfe8 30. Kf1 Qe6 31. Nf2 Rd7 32. a3 Nd5 33. Rc1 Ne3+ 34.
Kg1 Qxb3 35. Ng4 Qe6 36. Nf2 Nc4 37. Rxc4 Qxc4 38. e4 Qf7 39. e5 Bxe5 40. f5 c4
41. Ng4 Bg7 42. Bc1 gxf5 43. Qg5 Qg6 44. Rxf5 Qxg5 45. Bxg5 d3 46. Nh6+ Bxh6
47. Bxh6 d2 48. Rg5+ Kh8 0-1

[Event "2BLO 1819 Nickelhütte Aue - TSV Bindla"]
[Site "?"]
[Date "2018.12.14"]
[Round "8.1"]
[White "Kriebel, Tadeas"]
[Black "Papp, Gabor"]
[Result "1/2-1/2"]
[WhiteElo "2517"]
[BlackElo "2603"]
[PlyCount "55"]
[EventDate "2018.??.??"]

1. e4 e5 2. Nf3 Nf6 3. Nxe5 d6 4. Nf3 Nxe4 5. Qe2 Qe7 6. d3 Nf6 7. Bg5 Nbd7 8.
Nc3 Qxe2+ 9. Bxe2 Be7 10. O-O-O O-O 11. Rhe1 c6 12. Bf1 Re8 13. Ne4 Kf8 14. Bf4
Nxe4 15. dxe4 Nf6 16. c4 Bg4 17. h3 Bxf3 18. gxf3 Rad8 19. Kb1 Nd7 20. Bg3 Nc5
21. Rd2 Ne6 22. Red1 g5 23. Bh2 Nf4 24. h4 h6 25. hxg5 hxg5 26. Bxf4 gxf4 27.
Bh3 Kg7 28. Rg1+ 1/2-1/2

[Event "2BLO 1819 Nickelhütte Aue - TSV Bindla"]
[Site "?"]
[Date "2018.12.14"]
[Round "8.2"]
[White "Antal, Gergely"]
[Black "Petr, Martin"]
[Result "1-0"]
[WhiteElo "2553"]
[BlackElo "2448"]
[PlyCount "107"]
[EventDate "2018.??.??"]

1. e4 c5 2. Nf3 Nc6 3. Bb5 g6 4. Bxc6 dxc6 5. d3 Bg7 6. h3 Nf6 7. Nc3 Nd7 8.
O-O e5 9. Be3 b6 10. a4 a5 11. Nd2 Nf8 12. f4 exf4 13. Bxf4 Ne6 14. Bg3 O-O 15.
e5 Nd4 16. Nce4 Nf5 17. Bf4 Be6 18. Rf2 h6 19. Nf6+ Bxf6 20. exf6 Qxf6 21. Bxh6
Qxb2 22. Bxf8 Rxf8 23. Ne4 Qd4 24. c3 Qe5 25. Qf3 Bd5 26. Qf4 Qe7 27. Nd2 Nh4
28. Raf1 f5 29. c4 Bxg2 30. Rxg2 Nxg2 31. Kxg2 Qe2+ 32. Rf2 Qxd3 33. Nf3 Qe4
34. Qxe4 fxe4 35. Ne5 Re8 36. Ng4 Kg7 37. Rb2 e3 38. Kf3 b5 39. cxb5 cxb5 40.
axb5 a4 41. Nxe3 a3 42. Ra2 Rb8 43. Rxa3 Rxb5 44. Ng4 Kf7 45. Ke4 c4 46. Rf3+
Kg7 47. Kd4 Rb4 48. Rc3 g5 49. Rxc4 Rxc4+ 50. Kxc4 Kg6 51. Kd4 Kh5 52. Ke5 Kh4
53. Nf2 Kg3 54. Kf5 1-0

[Event "2BLO 1819 Nickelhütte Aue - TSV Bindla"]
[Site "?"]
[Date "2018.12.14"]
[Round "8.3"]
[White "Cech, Pavel"]
[Black "Meijers, Viesturs"]
[Result "1/2-1/2"]
[WhiteElo "2327"]
[BlackElo "2437"]
[PlyCount "97"]
[EventDate "2018.??.??"]

1. e4 c5 2. Nf3 e6 3. b3 a6 4. Bb2 Ne7 5. g3 b5 6. Bg2 Bb7 7. Qe2 d6 8. d4 Nd7
9. d5 e5 10. O-O g6 11. a4 b4 12. Nfd2 Bg7 13. Nc4 Qc7 14. f4 O-O 15. a5 Rae8
16. fxe5 Nxe5 17. Bxe5 Bxe5 18. Nxe5 dxe5 19. Nd2 f6 20. c3 Rb8 21. cxb4 cxb4
22. Rfc1 Qd6 23. Nc4 Qc5+ 24. Kh1 Qb5 25. Qe3 f5 26. Qg5 Qe8 27. Nxe5 fxe4 28.
d6 Rf5 29. Qxe7 Qxe7 30. dxe7 Rxe5 31. Rc7 Ba8 32. Rd1 Re8 33. Rd8 Kf7 34. Rxe8
Kxe8 35. Rc8+ Kxe7 36. Rxa8 e3 37. Ra7+ Kf8 38. Bf3 e2 39. Bxe2 Rxe2 40. Rxh7
Rb2 41. Ra7 Rxb3 42. Rxa6 Kg7 43. Rb6 Ra3 44. Rxb4 Rxa5 45. Rb2 g5 46. Kg2 Kg6
47. Rd2 g4 48. Kf2 Kf5 49. Ke3 1/2-1/2

[Event "2BLO 1819 Nickelhütte Aue - TSV Bindla"]
[Site "?"]
[Date "2018.12.14"]
[Round "8.4"]
[White "Slobodjan, Roman"]
[Black "Krensing, Jan"]
[Result "1/2-1/2"]
[WhiteElo "2465"]
[BlackElo "2356"]
[PlyCount "66"]
[EventDate "2018.??.??"]

1. e4 c6 2. c4 d5 3. exd5 cxd5 4. cxd5 Nf6 5. Qa4+ Nbd7 6. Nc3 g6 7. Bc4 Bg7 8.
d3 a6 9. Nf3 O-O 10. Be3 Rb8 11. Bb3 b5 12. Qh4 Bb7 13. O-O Nb6 14. Bh6 Bxd5
15. Nxd5 Nbxd5 16. Rfe1 e6 17. Bg5 Qd6 18. d4 Rfc8 19. Rac1 a5 20. a3 a4 21.
Bc2 b4 22. Bxa4 bxa3 23. bxa3 Qxa3 24. Bc6 Qd6 25. Ne5 Rc7 26. Bxd5 Nxd5 27.
Rxc7 Qxc7 28. Rc1 Qb7 29. Nf3 Rc8 30. Rxc8+ Qxc8 31. Bh6 Bf6 32. Qe4 Qc7 33. g3
Bg7 1/2-1/2

[Event "2BLO 1819 Nickelhütte Aue - TSV Bindla"]
[Site "?"]
[Date "2018.12.14"]
[Round "8.5"]
[White "Wetscherek, Andreas"]
[Black "Spiess, Gunter"]
[Result "0-1"]
[WhiteElo "2337"]
[BlackElo "2418"]
[PlyCount "70"]
[EventDate "2018.??.??"]

1. Nf3 d5 2. e3 Nf6 3. c4 e6 4. b3 c5 5. Bb2 Nc6 6. d4 cxd4 7. Nxd4 Bb4+ 8. Nc3
Ne4 9. Rc1 Qa5 10. Ndb5 a6 11. a3 Be7 12. cxd5 axb5 13. dxc6 O-O 14. b4 Nxc3
15. Qc2 Qa4 16. Qxc3 Bf6 17. Qd2 Rd8 18. Qe2 bxc6 19. Bxf6 gxf6 20. Qg4+ Kf8
21. Rc3 c5 22. Be2 cxb4 23. Rc7 bxa3 24. Qxa4 Rxa4 25. O-O Rb4 26. Ra7 Rb3 27.
Ra1 b4 28. Ra8 Ke7 29. h4 Bb7 30. Ra5 Rb2 31. Ra7 Rd7 32. Bb5 Bc6 33. R7xa3
Bxb5 34. R3a2 Rxa2 35. Rxa2 b3 0-1